000 00460nam a22001577a 4500
005 20250722101042.0
008 250722b |||||||| |||| 00| 0 eng d
020 _a9780142402894
_qpbk
041 _aeng
082 _a823.0083
_bADL
100 _aAdler A., David
245 _aCam Jansen The Catnapping Mystery
_cby David A. Adler Illustrated by Susanna Natti
260 _aUnited States Of America
_bPuffin Books
_c2005
300 _a58p.
942 _cENGLISH
999 _c576859
_d576859